[Event "Eesti klubide mv"]
[Site "Tallinn"]
[Date "2006.03.26"]
[Round "7"]
[White "Laesson, Tuulikki"]
[Black "Tsõganova, Monika"]
[Result "1-0"]
[WhiteElo "2235"]
[BlackElo "2269"]
[PlyCount "111"]
[EventDate "2006.03.23"]
[EventType "team"]
[EventRounds "7"]
[EventCountry "EST"]
[SourceDate "2006.04.22"]
[WhiteTeam "Saaremaa MK"]
[BlackTeam "Narva Maletäht"]
[WhiteTeamCountry "EST"]
[BlackTeamCountry "EST"]

1. Nf3 Nf6 2. d4 e6 3. g3 d5 4. Bg2 c5 5. O-O Nc6 6. c3 Be7 7. dxc5 Bxc5 8. b4
Be7 9. Nbd2 O-O 10. Bb2 b6 11. b5 Na5 12. Ne5 Bb7 13. Nb3 Qc7 14. Nxa5 bxa5 15.
c4 Rfd8 16. Qa4 dxc4 17. Bxb7 Qxb7 18. Nc6 Rd5 19. Qxc4 Bf8 20. a4 a6 21. Nxa5
Qb6 22. Qc6 Qxc6 23. Nxc6 axb5 24. axb5 Rxa1 25. Rxa1 Rxb5 26. Ra8 Nd7 27. Ba3
g6 28. Bxf8 Nxf8 29. Ra7 Rb1+ 30. Kg2 Rd1 31. Ne5 f6 32. Ng4 f5 33. Nf6+ Kh8
34. Rf7 Rd8 35. f4 h6 36. Kf3 g5 37. h3 Ra8 38. e3 Rb8 39. Ke2 Rd8 40. g4 gxf4
41. exf4 Rd4 42. Ke3 Rd1 43. g5 hxg5 44. fxg5 Rh1 45. Rxf8+ Kg7 46. Rg8+ Kf7
47. Rh8 e5 48. h4 Rh3+ 49. Ke2 f4 50. h5 e4 51. h6 Rh2+ 52. Kf1 e3 53. Ng4 e2+
54. Ke1 Rg2 55. Ne5+ Ke6 56. Nf3 1-0

[Event "Eesti klubide mv"]
[Site "Tallinn"]
[Date "2006.03.26"]
[Round "7"]
[White "Nei, Mati"]
[Black "Shishkov, Andrei"]
[Result "0-1"]
[WhiteElo "2293"]
[BlackElo "2378"]
[PlyCount "98"]
[EventDate "2006.03.23"]
[EventType "team"]
[EventRounds "7"]
[EventCountry "EST"]
[SourceDate "2006.04.22"]
[WhiteTeam "Paul Kerese MK"]
[BlackTeam "Kadrioru MK"]
[WhiteTeamCountry "EST"]
[BlackTeamCountry "EST"]

1. b3 d5 2. Bb2 Bg4 3. Nf3 Bxf3 4. gxf3 Nf6 5. e3 e6 6. d3 g6 7. Nd2 Bg7 8. f4
Nbd7 9. Nf3 c6 10. Be2 b5 11. Ne5 Qa5+ 12. Kf1 Nxe5 13. Bxe5 O-O 14. h4 Nd7 15.
Bxg7 Kxg7 16. h5 Qc3 17. d4 a5 18. a4 b4 19. Bd3 c5 20. dxc5 Nxc5 21. hxg6 hxg6
22. Ke2 Rac8 23. Rc1 Rfd8 24. Rg1 Qf6 25. Qf1 Nxd3 26. cxd3 Qb2+ 27. Kf3 Qxb3
28. d4 Rxc1 29. Qxc1 Qc4 30. Qb1 Rc8 31. f5 Qc2 32. fxg6 fxg6 33. Qxc2 Rxc2 34.
Kf4 Rxf2+ 35. Ke5 Kf7 36. Rc1 Rf5+ 37. Kd6 g5 38. Rc7+ Kf6 39. Re7 g4 40. Rxe6+
Kg5 41. e4 dxe4 42. Rxe4 g3 43. Re1 g2 44. Rg1 Rf2 45. d5 Kf4 46. Kc7 Kg3 47.
d6 Rc2+ 48. Kb6 Kh2 49. d7 Rd2 0-1

[Event "Eesti klubide mv"]
[Site "Tallinn"]
[Date "2006.03.26"]
[Round "7"]
[White "Tarakanov, Oleg"]
[Black "Ilves, Jüri"]
[Result "1/2-1/2"]
[WhiteElo "2200"]
[BlackElo "2096"]
[PlyCount "20"]
[EventDate "2006.03.23"]
[EventType "team"]
[EventRounds "7"]
[EventCountry "EST"]
[SourceDate "2006.04.22"]
[WhiteTeam "Kadrioru MK"]
[BlackTeam "Paul Kerese MK"]
[WhiteTeamCountry "EST"]
[BlackTeamCountry "EST"]

1. e4 c5 2. Nf3 Nc6 3. Nc3 d6 4. d4 cxd4 5. Nxd4 Bd7 6. Be3 Nf6 7. Be2 a6 8.
O-O b5 9. a3 e5 10. Nb3 Rc8 1/2-1/2

[Event "Eesti klubide mv"]
[Site "Tallinn"]
[Date "2006.03.26"]
[Round "7"]
[White "Teemäe, Leo"]
[Black "Rauk, Tõnu"]
[Result "1/2-1/2"]
[WhiteElo "2089"]
[BlackElo "2200"]
[PlyCount "49"]
[EventDate "2006.03.23"]
[EventType "team"]
[EventRounds "7"]
[EventCountry "EST"]
[SourceDate "2006.04.22"]
[WhiteTeam "Paul Kerese MK"]
[BlackTeam "Kadrioru MK"]
[WhiteTeamCountry "EST"]
[BlackTeamCountry "EST"]

1. e4 c5 2. Nf3 e6 3. d4 cxd4 4. Nxd4 a6 5. g3 Nf6 6. Nc3 Qc7 7. Bg2 d6 8. O-O
e5 9. Nb3 Be7 10. a4 Be6 11. Nd5 Nxd5 12. exd5 Bf5 13. c3 Nd7 14. Be3 Nb6 15.
Nd2 Nc4 16. Nxc4 Qxc4 17. a5 Bd7 18. Re1 O-O 19. Bf1 Qc8 20. Qd2 f5 21. f4 e4
22. c4 Kh8 23. Rac1 Qb8 24. b4 Qe8 25. Rc2 1/2-1/2

[Event "Eesti klubide mv"]
[Site "Tallinn"]
[Date "2006.03.26"]
[Round "7"]
[White "Kortshagin, Oleg"]
[Black "Ivanov, Stepan"]
[Result "1-0"]
[WhiteElo "2234"]
[BlackElo "1943"]
[PlyCount "65"]
[EventDate "2006.03.23"]
[EventType "team"]
[EventRounds "7"]
[EventCountry "EST"]
[SourceDate "2006.04.22"]
[WhiteTeam "Kadrioru MK"]
[BlackTeam "Paul Kerese MK"]
[WhiteTeamCountry "EST"]
[BlackTeamCountry "EST"]

1. d4 Nf6 2. c4 d6 3. Nc3 g6 4. e4 Bg7 5. Nf3 Bg4 6. Be2 O-O 7. Be3 c6 8. h3
Bxf3 9. Bxf3 e5 10. d5 c5 11. h4 h5 12. g4 hxg4 13. Bxg4 Nxg4 14. Qxg4 Nd7 15.
Bg5 Qb6 16. Qxd7 Qxb2 17. Rc1 Rad8 18. Qb5 Qxb5 19. Nxb5 f6 20. Bd2 a6 21. Nc7
Rd7 22. Ne6 Rff7 23. Rg1 Kh7 24. Rc3 b5 25. Rcg3 b4 26. Rxg6 a5 27. h5 a4 28.
Kd1 b3 29. axb3 axb3 30. Nxg7 Rxg7 31. Rxg7+ Rxg7 32. Rxg7+ Kxg7 33. f3 1-0

[Event "Eesti klubide mv"]
[Site "Tallinn"]
[Date "2006.03.26"]
[Round "7"]
[White "Kruusiauk, Hedda"]
[Black "Pärnpuu, Leili"]
[Result "1/2-1/2"]
[WhiteElo "2055"]
[BlackElo "2212"]
[PlyCount "104"]
[EventDate "2006.03.23"]
[EventType "team"]
[EventRounds "7"]
[EventCountry "EST"]
[SourceDate "2006.04.22"]
[WhiteTeam "Paul Kerese MK"]
[BlackTeam "Kadrioru MK"]
[WhiteTeamCountry "EST"]
[BlackTeamCountry "EST"]

1. e4 c5 2. Nf3 Nc6 3. d4 cxd4 4. Nxd4 Nf6 5. Nxc6 bxc6 6. Bd3 g6 7. c4 Bg7 8.
O-O d6 9. Nc3 O-O 10. h3 Nd7 11. Bd2 Nc5 12. Bc2 a5 13. a3 Ne6 14. Rb1 Ba6 15.
b3 Nd4 16. Re1 Qc7 17. Ne2 Nxe2+ 18. Qxe2 c5 19. f4 Bb7 20. Qg4 Kh8 21. h4 Bxe4
22. Bxe4 f5 23. Qg3 fxe4 24. Rxe4 e5 25. fxe5 dxe5 26. Bc3 Rf5 27. Rbe1 Re8 28.
Qh2 h5 29. Qg3 Kh7 30. Qd3 Rd8 31. Qe2 Re8 32. Rf1 Rxf1+ 33. Qxf1 Rf8 34. Qe1
Rf4 35. Rxf4 exf4 36. Bxa5 Qd6 37. Bc3 Bd4+ 38. Bxd4 Qxd4+ 39. Kh2 Qd3 40. Qe7+
Kg8 41. Qe8+ Kg7 42. Qe5+ Kh7 43. Qxf4 Qxb3 44. Qf7+ Kh6 45. Qf8+ Kh7 46. Qxc5
Qb8+ 47. Kh1 Qb1+ 48. Qg1 Qe4 49. Qa7+ Kh6 50. Qf2 Qxc4 51. g3 Qc1+ 52. Kh2
Qxa3 1/2-1/2

[Event "Eesti klubide mv"]
[Site "Tallinn"]
[Date "2006.03.26"]
[Round "7"]
[White "Kukk, Sander"]
[Black "Vovk, Ilja"]
[Result "1/2-1/2"]
[WhiteElo "2176"]
[BlackElo "2265"]
[PlyCount "110"]
[EventDate "2006.03.23"]
[EventType "team"]
[EventRounds "7"]
[EventCountry "EST"]
[SourceDate "2006.04.22"]
[WhiteTeam "SK Reval Sport"]
[BlackTeam "Vabaettur 2"]
[WhiteTeamCountry "EST"]
[BlackTeamCountry "EST"]

1. e4 d5 2. exd5 Qxd5 3. Nc3 Qd6 4. Nf3 Nf6 5. d4 a6 6. Be3 Nc6 7. Qd2 Bf5 8.
a3 O-O-O 9. O-O-O e6 10. Bd3 Bg6 11. Ng5 Qd7 12. Bxg6 hxg6 13. Nce4 Nxe4 14.
Nxe4 Rh5 15. Kb1 Nxd4 16. Qc1 Rd5 17. Nc3 Ne2 18. Nxd5 Nxc1 19. Nb6+ cxb6 20.
Rxd7 Rxd7 21. Kxc1 Bc5 22. Re1 Kc7 23. b4 Bxe3+ 24. Rxe3 b5 25. Rc3+ Kd6 26.
Kd2 e5 27. Rc8 Rc7 28. Re8 f6 29. Kd3 Kd7 30. Rg8 Ke6 31. g4 e4+ 32. Kxe4 Rxc2
33. Rxg7 Re2+ 34. Kf3 Ra2 35. Rxg6 Rxa3+ 36. Kf4 Rb3 37. Rg7 Rxb4+ 38. Kg3 a5
39. Rxb7 a4 40. Ra7 f5 41. Ra6+ Ke5 42. g5 Rg4+ 43. Kf3 Rxg5 44. Ra5 Kd4 45.
Rxb5 Kc4 46. Ra5 Kb4 47. Ra8 Rh5 48. Kg3 a3 49. h4 Kb3 50. Rb8+ Kc2 51. Rc8+
Kb1 52. Rb8+ Ka1 53. Ra8 a2 54. Rb8 Rh7 55. Rb5 Rg7+ 1/2-1/2

[Event "Eesti klubide mv"]
[Site "Tallinn"]
[Date "2006.03.26"]
[Round "7"]
[White "Vassiljev, Igor"]
[Black "Valner, Uku"]
[Result "1-0"]
[WhiteElo "2269"]
[BlackElo "2102"]
[PlyCount "87"]
[EventDate "2006.03.23"]
[EventType "team"]
[EventRounds "7"]
[EventCountry "EST"]
[SourceDate "2006.04.22"]
[WhiteTeam "Vabaettur 2"]
[BlackTeam "SK Reval Sport"]
[WhiteTeamCountry "EST"]
[BlackTeamCountry "EST"]

1. c4 e6 2. Nf3 b6 3. g3 Bb7 4. Bg2 Nf6 5. O-O Be7 6. b3 O-O 7. Bb2 d5 8. e3
Nbd7 9. Nc3 c5 10. Rc1 Rc8 11. Qe2 dxc4 12. bxc4 Qc7 13. d3 Rfd8 14. Rfd1 h6
15. Ne1 Bxg2 16. Kxg2 Nf8 17. f4 Qb7+ 18. Qf3 Qxf3+ 19. Kxf3 g5 20. h3 Rd7 21.
Ke2 Nh5 22. g4 Ng7 23. fxg5 hxg5 24. Nf3 Bf6 25. Ba1 Ne8 26. Ne4 Bxa1 27. Rxa1
f6 28. a4 Rh7 29. Rh1 Rd8 30. a5 Rhd7 31. axb6 axb6 32. Rhb1 Rxd3 33. Rxb6 R3d7
34. Rc6 Rb7 35. Ra2 Rb3 36. Nxc5 Rc3 37. Ne4 Rc1 38. Nd4 Nd7 39. Nxe6 Rb8 40.
Nd4 Ne5 41. Nxf6+ Kf7 42. Ra7+ Kg6 43. Nxe8+ Nxc6 44. Rg7+ 1-0

[Event "Eesti klubide mv"]
[Site "Tallinn"]
[Date "2006.03.26"]
[Round "7"]
[White "Nestor, Kaarel"]
[Black "Karjakin, Sergei"]
[Result "0-1"]
[WhiteElo "2069"]
[BlackElo "2203"]
[PlyCount "80"]
[EventDate "2006.03.23"]
[EventType "team"]
[EventRounds "7"]
[EventCountry "EST"]
[SourceDate "2006.04.22"]
[WhiteTeam "SK Reval Sport"]
[BlackTeam "Vabaettur 2"]
[WhiteTeamCountry "EST"]
[BlackTeamCountry "EST"]

1. d4 Nf6 2. Nf3 g6 3. c4 Bg7 4. Nc3 O-O 5. e4 d6 6. Be2 e5 7. dxe5 dxe5 8.
Qxd8 Rxd8 9. Bg5 Re8 10. Nd5 Nxd5 11. cxd5 c6 12. Bc4 b5 13. Bb3 Bb7 14. Rd1 c5
15. O-O Nd7 16. Bc2 c4 17. Be3 Bf8 18. Nd2 Rac8 19. b3 c3 20. Nf3 b4 21. Ne1 a5
22. f4 Bd6 23. f5 Bc5 24. Rf3 Ba6 25. fxg6 hxg6 26. Bd3 Bxe3+ 27. Rxe3 Nc5 28.
Bc2 a4 29. bxa4 Bc4 30. Rb1 Rb8 31. Bb3 Ba6 32. Rc1 Bc8 33. Nf3 f6 34. Nh4 Kg7
35. Rg3 g5 36. Nf5+ Bxf5 37. exf5 Rh8 38. d6 Rh4 39. Rd1 Rd4 40. h4 Nxb3 0-1

[Event "Eesti klubide mv"]
[Site "Tallinn"]
[Date "2006.03.26"]
[Round "7"]
[White "Alasoo, Kaarel"]
[Black "Sööt, Margus"]
[Result "0-1"]
[WhiteElo "1990"]
[BlackElo "2174"]
[PlyCount "148"]
[EventDate "2006.03.23"]
[EventType "team"]
[EventRounds "7"]
[EventCountry "EST"]
[SourceDate "2006.04.22"]
[WhiteTeam "SK Reval Sport"]
[BlackTeam "Vabaettur 2"]
[WhiteTeamCountry "EST"]
[BlackTeamCountry "EST"]

1. e4 c6 2. d4 d5 3. Nc3 dxe4 4. Nxe4 Nd7 5. Bc4 e6 6. f4 Ndf6 7. Nxf6+ Nxf6 8.
Nf3 c5 9. Qd3 cxd4 10. Qxd4 Qxd4 11. Nxd4 Bc5 12. Nb3 Bb6 13. Bd2 Bd7 14. Ba5
Be3 15. Bd2 Bb6 16. Ba5 Bxa5+ 17. Nxa5 b6 18. Nb3 Rc8 19. Nd2 O-O 20. O-O-O b5
21. Bb3 a5 22. a3 a4 23. Ba2 Ng4 24. Ne4 Bc6 25. Nd6 Rb8 26. Rd2 Ne3 27. Rg1
Rfd8 28. Re2 Nxg2 29. Ne4 Nxf4 30. Re3 Bxe4 31. Rxe4 Nd5 32. c3 g6 33. h4 Kf8
34. Rf1 Kg7 35. Re5 Nf6 36. Rg5 Rb7 37. Rg2 Rd3 38. Rf4 Rh3 39. Rg5 Rh1+ 40.
Kc2 Rh2+ 41. Kc1 Nd7 42. Rb4 e5 43. Bc4 Rxh4 44. Rxb5 Rh1+ 45. Kc2 Rh2+ 46. Kc1
Rc7 47. Rb4 f6 48. Rg1 Rh4 49. Bb5 Rxb4 50. axb4 Nb6 51. Rd1 h5 52. Rd6 Nc4 53.
Rd3 a3 54. Bxc4 axb2+ 55. Kxb2 Rxc4 56. Rd7+ Kh6 57. Kb3 Rc8 58. b5 h4 59. b6
Rb8 60. Rd6 Kg5 61. c4 h3 62. c5 h2 63. Rd1 Kf4 64. Kc4 e4 65. Kb5 e3 66. c6 e2
67. Re1 Kf3 68. c7 Rh8 69. b7 h1=Q 70. Rxh1 Rxh1 71. c8=Q Rb1+ 72. Ka6 e1=Q 73.
Qc6+ Qe4 74. Qxf6+ Kg4 0-1

[Event "Eesti klubide mv"]
[Site "Tallinn"]
[Date "2006.03.26"]
[Round "7"]
[White "Jermolina, Jekaterina"]
[Black "Narva, Triin"]
[Result "0-1"]
[WhiteElo "1809"]
[BlackElo "1843"]
[PlyCount "124"]
[EventDate "2006.03.23"]
[EventType "team"]
[EventRounds "7"]
[EventCountry "EST"]
[SourceDate "2006.04.22"]
[WhiteTeam "Vabaettur 2"]
[BlackTeam "SK Reval Sport"]
[WhiteTeamCountry "EST"]
[BlackTeamCountry "EST"]

1. e4 c5 2. Nf3 d6 3. d4 cxd4 4. Nxd4 Nf6 5. Nc3 g6 6. Bc4 Bg7 7. O-O Nc6 8.
Nf3 Bg4 9. h3 Bxf3 10. Qxf3 Ne5 11. Qe2 Nxc4 12. Qxc4 O-O 13. Be3 a6 14. Rab1
b5 15. Qd3 Rc8 16. Nd5 Nxd5 17. exd5 Qc7 18. Rfc1 b4 19. c4 bxc3 20. bxc3 Qa5
21. Rc2 Rxc3 22. Rxc3 Bxc3 23. Rb7 Be5 24. f4 Bf6 25. Ra7 Bh4 26. Qd2 Qb5 27.
Kh2 Rc8 28. f5 Bf6 29. fxg6 hxg6 30. Bg5 Bc3 31. Qe3 Qxd5 32. Rxa6 Be5+ 33. Bf4
Bxf4+ 34. Qxf4 Rc2 35. Qg4 Rxa2 36. Qc8+ Kg7 37. Rxa2 Qxa2 38. Qc3+ f6 39. Qe3
Kf7 40. Qh6 Qc2 41. Qh7+ Ke6 42. Qg8+ Kd7 43. Qa8 Qc5 44. Qa4+ Ke6 45. Qg4+ Kf7
46. Qh4 Qe5+ 47. Kh1 Qh5 48. Qc4+ Kg7 49. Qe6 Qe5 50. Qg4 d5 51. Qf3 Qe4 52.
Qd1 d4 53. Qd2 d3 54. Kg1 Qe2 55. Qxe2 dxe2 56. Kf2 e1=Q+ 57. Kxe1 e5 58. Ke2
f5 59. Ke3 g5 60. g3 Kg6 61. Kf3 Kf6 62. g4 e4+ 0-1